| 000 | 00671 a2200169 4500 | ||
|---|---|---|---|
| 005 | 20190806102702.0 | ||
| 008 | 190713b1986 ck ||||| |||| 00| 0 spa d | ||
| 020 | _a9586160734 | ||
| 040 |
_aCO-BoUCM _bspa _cJuan Jose Mateus _dJuan Jose Mateus |
||
| 041 | 0 | _aspa | |
| 245 | 0 | 3 |
_aLa responsabilidad de la administración pública en Colombia, España, Francia e Italia _cFernando Hinestrosa |
| 260 |
_c1986 _aBogotá _bUniversidad Externado de Colombia |
||
| 650 | 7 |
_aAdministración pública _vCongresos, conferencias, etc. _945308 |
|
| 700 | 1 | 0 |
_aHinestrosa, Fernando _946097 |
| 942 |
_cLIBRO _2DEWEY _a16 _e1 _h350.003 _mR434r _n0 |
||
| 999 |
_c313584 _d313584 |
||